Statistiche per Numeri da 1 a 50 in 15 secondi

Clicka qui per fare il quiz!

Statistiche generali

  • Questo quiz è stato fatto 38.260 volte
  • Il punteggio medio è 19 su 50

Statistiche sulle risposte

Numeri% Corretto
1
100%
2
98%
3
97%
4
96%
5
95%
6
94%
7
93%
8
92%
9
91%
10
83%
11
78%
12
74%
13
72%
14
70%
15
67%
16
65%
17
62%
18
60%
19
57%
20
47%
21
42%
22
37%
23
32%
24
29%
25
27%
26
25%
27
22%
28
20%
29
18%
30
13%
31
11%
32
10%
33
8%
34
6%
35
5%
36
5%
37
4%
38
4%
39
3%
40
2%
41
2%
42
1%
43
1%
44
1%
45
1%
46
1%
47
1%
48
1%
49
0%
50
0%

Distribuzione punteggi

Percentile per numero di risposta

Percentuale di utenti per punteggio

I tuoi punteggi nel tempo

Non hai fatto questo quiz